Literasi maklumat (labah-labah)

Bibliographic Details
Main Author: Soraya Nita Othman
Format: Book
Published: Butterworth, Penang : Mega Publications , 2020
Series:Semarakkan dekad membaca
Subjects:

MARC

LEADER 00000cam a2200000 7i4500
001 0000278232
005 20210121093754.0
020 |a 9789673802241 
090 0 0 |a JF   |b SOR 
100 0 |a Soraya Nita Othman 
245 1 0 |a Literasi maklumat (labah-labah)   |c Soraya Nita Othman 
260 |a Butterworth, Penang :   |b Mega Publications ,   |c 2020 
300 |a 34p. :   |b ill. ;   |c 26cm. 
490 0 |a Semarakkan dekad membaca 
650 0 |a Children's stories, Malay 
999 |a 00377398   |b BUKU   |c PINJAMAN   |e PERPUSTAKAAN KOMUNITI CAW KOTA DAMANSARA